<?xml version="1.0" encoding="UTF-8"?>
<record
    xmlns:xsi="http://www.w3.org/2001/XMLSchema-instance"
    xsi:schemaLocation="http://www.loc.gov/MARC21/slim http://www.loc.gov/standards/marcxml/schema/MARC21slim.xsd"
    xmlns="http://www.loc.gov/MARC21/slim">

  <leader>00600nam a22002177a 4500</leader>
  <controlfield tag="003">OSt</controlfield>
  <controlfield tag="005">20140310181943.0</controlfield>
  <controlfield tag="008">130724t        xxu||||| |||| 00| 0 eng d</controlfield>
  <datafield tag="020" ind1=" " ind2=" ">
    <subfield code="a">0382099931</subfield>
  </datafield>
  <datafield tag="050" ind1=" " ind2=" ">
    <subfield code="a">PR 4571</subfield>
    <subfield code="b">.D548 1982</subfield>
  </datafield>
  <datafield tag="082" ind1=" " ind2=" ">
    <subfield code="a">CLA </subfield>
    <subfield code="b">D55t 1982</subfield>
  </datafield>
  <datafield tag="100" ind1=" " ind2=" ">
    <subfield code="a">Dicken, Charles</subfield>
    <subfield code="9">3621</subfield>
  </datafield>
  <datafield tag="245" ind1=" " ind2=" ">
    <subfield code="a">A tale of two cities /</subfield>
    <subfield code="c">Charles Dickens</subfield>
  </datafield>
  <datafield tag="260" ind1=" " ind2=" ">
    <subfield code="a">Morristown, New Jersey :</subfield>
    <subfield code="b">Silver Burdett Company,</subfield>
    <subfield code="c">c1982.</subfield>
  </datafield>
  <datafield tag="300" ind1=" " ind2=" ">
    <subfield code="a">397 p. </subfield>
    <subfield code="c">17 cm. </subfield>
  </datafield>
  <datafield tag="541" ind1=" " ind2=" ">
    <subfield code="j">1</subfield>
  </datafield>
  <datafield tag="562" ind1=" " ind2=" ">
    <subfield code="e">1</subfield>
  </datafield>
  <datafield tag="650" ind1=" " ind2=" ">
    <subfield code="a">French revolution</subfield>
    <subfield code="9">2808</subfield>
    <subfield code="x">Fiction</subfield>
  </datafield>
  <datafield tag="654" ind1=" " ind2=" ">
    <subfield code="a"> Dramatic</subfield>
    <subfield code="9">3690</subfield>
  </datafield>
  <datafield tag="942" ind1=" " ind2=" ">
    <subfield code="2">lcc</subfield>
    <subfield code="c">BBK</subfield>
    <subfield code="k">CLA</subfield>
  </datafield>
  <datafield tag="999" ind1=" " ind2=" ">
    <subfield code="c">7716</subfield>
    <subfield code="d">7716</subfield>
  </datafield>
  <datafield tag="952" ind1=" " ind2=" ">
    <subfield code="0">0</subfield>
    <subfield code="1">0</subfield>
    <subfield code="2">lcc</subfield>
    <subfield code="4">0</subfield>
    <subfield code="a">LUX</subfield>
    <subfield code="b">LUX</subfield>
    <subfield code="c">CLA</subfield>
    <subfield code="d">2013-07-24</subfield>
    <subfield code="l">0</subfield>
    <subfield code="o">PR 4571 .D548 1982</subfield>
    <subfield code="p">3666</subfield>
    <subfield code="r">2013-08-13 00:00:00</subfield>
    <subfield code="t">1</subfield>
    <subfield code="w">2013-07-24</subfield>
    <subfield code="y">BK</subfield>
  </datafield>
</record>
